Statistics for Countries neighboring Countries bordering Mali

Click here to take the quiz!

General Stats

  • This quiz has been taken 20 times
    (16 since last reset)
  • The average score is 12 of 13

Answer Stats

Country% Correct
Ghana
100%
Morocco
100%
Togo
100%
Benin
93%
Chad
93%
Gambia
93%
Liberia
93%
Nigeria
93%
Sierra Leone
93%
Guinea-Bissau
87%
Libya
87%
Tunisia
87%
Western Sahara
40%

Score Distribution

Percentile by Number Answered

Percent of People with Each Score

Your Score History

You have not taken this quiz since the last reset